000 00454nam a22002057a 4500
003 UA-OsUOA
001 39224
007 ta
008 20080316b un ||||| |||| 00| 0 ukr d
090 _a050
942 _cNP
040 _aUA-OsUOA
_bukr
_cUA-OsUOA
_dUA-OsUOA
245 _aСвобода
955 _a4
041 _aukr
080 _a050
310 _aЧ. 8 (22 лютого 2008); Ч. 9 (29 лютого 2008)
650 7 _2UDC
999 _c437737
_d437737